Jiangsu

Uloženo v:
Podrobná bibliografie
Médium: Kniha
Jazyk:španělština
Vydáno: s.n 1984
Témata:
Tagy: Přidat tag
Žádné tagy, Buďte první, kdo vytvoří štítek k tomuto záznamu!

MARC

LEADER 00000nam a2200000 a 4500
001 UCZ7550
003 CL-VaPUC
008 960105e19840000CH |||||||||||||||||spa|d
082 0 4 |a 951  |b JIA  |2 21 
245 1 0 |a Jiangsu 
300 |a 92 p 
942 |c BK 
945 |d 19960105 00:00:00  |a cmena 
260 |b s.n  |c 1984 
650 0 |a Geografía  |9 259346 
650 7 |a GEOGRAFIA REGIONAL  |2 CL-VaPUC  |9 350312 
650 7 |a GEOGRAFIA LOCAL  |2 CL-VaPUC  |9 352358 
651 0 |a China   |9 257545 
651 7 |a JIANGSU  |2 CL-VaPUC  |9 352502 
583 |a last modification  |c 20130413 08:52:03  |k Rodrigo Vera 
999 |c 243606  |d 243604 
952 |0 0  |1 0  |4 0  |6 951_000000000000000_JIA_1984  |7 0  |8 A  |9 257308  |a BIBGIM  |b BIBGIM  |d 2019-11-19  |i 1613561  |o 951 JIA 1984  |p 1613561  |r 2025-01-15  |w 2019-11-19  |y BK  |k ORI